| 000 | 00460nam a2200169Ia 4500 | ||
|---|---|---|---|
| 005 | 20250227120330.0 | ||
| 008 | 231217s9999 xx 000 0 und d | ||
| 020 | _a9788131415627 | ||
| 082 | _a651.7 IND;1 R | ||
| 100 | _aIndira, Mannar Srinivasan. | ||
| 245 | 0 | _aCommunicating in a world of diversity | |
| 250 | _a1st ed. | ||
| 260 |
_c2008 _bIcfai university press _aHyderabad |
||
| 300 | _ax, 241 | ||
| 650 | _aCommunicating,diversity | ||
| 942 | _cAA | ||
| 999 |
_c185287 _d185287 |
||